000 00287nam a22001337a 4500
008 180118b xxu||||| |||| 00| 0 eng d
020 _a0201174359
041 _aeng
080 _a004
100 _a30
101 _aSHK
245 _aCONCURRENT PROGRAMING
_cGEHANI.N
942 _2udc
_cBK
999 _c40443
_d40443